|
|
|
|
| LEADER |
00000nam0a2200000 4500 |
| 001 |
375580 |
| 005 |
20231102012740.0 |
| 035 |
|
|
|a (RuTPU)RU\TPU\retro\33019
|
| 035 |
|
|
|a RU\TPU\book\307177
|
| 090 |
|
|
|a 375580
|
| 100 |
|
|
|a 20221220d1984 k y0rusy50 ca
|
| 101 |
0 |
|
|a rus
|
| 102 |
|
|
|a RU
|
| 105 |
|
|
|a a z 001zy
|
| 200 |
1 |
|
|a Методы петрохимических пересчетов горных пород и минералов
|f Р. Н. Соболев, В. И. Фельдман
|
| 210 |
|
|
|a Москва
|c Недра
|d 1984
|
| 215 |
|
|
|a 224 с.
|c ил.
|
| 320 |
|
|
|a Библиогр.: с. 190.
|
| 606 |
1 |
|
|a Петрохимия
|2 stltpush
|3 (RuTPU)RU\TPU\subj\48714
|9 67560
|
| 610 |
1 |
|
|a горные породы
|
| 610 |
1 |
|
|a минералы
|
| 610 |
1 |
|
|a петрохимические пересчеты
|
| 610 |
1 |
|
|a методы
|
| 610 |
1 |
|
|a магматические горные породы
|
| 610 |
1 |
|
|a метасоматические породы
|
| 610 |
1 |
|
|a метаморфизированные породы
|
| 610 |
1 |
|
|a минералообразование
|
| 610 |
1 |
|
|a химический состав
|
| 675 |
|
|
|a 552.1:54
|v 3
|
| 700 |
|
1 |
|a Соболев
|b Р. Н.
|g Роланд Николаевич
|
| 701 |
|
1 |
|a Фельдман
|b В. И.
|g Вилен Изильевич
|
| 801 |
|
1 |
|a RU
|b 63413507
|c 20150204
|
| 801 |
|
2 |
|a RU
|b 63413507
|c 20221220
|g RCR
|
| 942 |
|
|
|c BK
|